000 01463nam a2200301Ia 4500
999 _c38595
_d38595
001 4712
003 GE_BSU
005 20190719162801.0
008 181216s2009||||ge |||||||||||||| ||geo||
020 _a9789994098538
040 _cGE_BSU
041 _ageo
080 _a159.923.2 + 159.943.1 + 316.62 ა-58
100 _aამინოვი, ი.
_93260
245 _aსაქმიანი ურთიერთობის ფსიქოლოგია = Психология делового общения /
_cი. ამინოვი, ნ. ერიაშვილი ; რედ. სერგო ბარამიძე, მანანა სულხანაშვილი
260 _aთბილისი
260 _bსამართლიანი საქართველო
260 _c2009
300 _a362 გვ. ;
_c22 სმ.
653 _aადამიანის ქცევა
653 _aსაქმიანი ურთიერთობის ფსიქოლოგია
653 _aსოციალური ფსიქოლოგია
653 _aფსიქოლოგია
700 _aერიაშვილი, ნ.
_eავტორი
_93261
700 _a ბარამიძე, სერგო
_eრედაქტორი
_93262
700 _a სულხანაშვილი, მანანა
_eრედაქტორი
_93263
942 _cBK
_2udc